أبعاد علاقة النمو السكاني بمنظومات إستبقاء الحياة : (Record no. 6783)

MARC details
000 -LEADER
fixed length control field 00616nam a22001697a 4500
005 - DATE AND TIME OF LATEST TRANSACTION
control field 20251108164225.0
008 - FIXED-LENGTH DATA ELEMENTS--GENERAL INFORMATION
fixed length control field 250721s1989 xx 000 0 ara d
082 14 - DEWEY DECIMAL CLASSIFICATION NUMBER
Classification number 338.9/أبع
100 1# - MAIN ENTRY--PERSONAL NAME
Personal name عبد الفتاح، حسين
Relator term ed.
245 10 - TITLE STATEMENT
Title أبعاد علاقة النمو السكاني بمنظومات إستبقاء الحياة :
Remainder of title مجموعة أبحاث أعدها معهد وورلدوتش /
264 1# - PRODUCTION, PUBLICATION, DISTRIBUTION, MANUFACTURE, AND COPYRIGHT NOTICE
Place of production, publication, distribution, manufacture عمان :
Name of producer, publisher, distributor, manufacturer مركز الكتب الأردني،
Date of production, publication, distribution, manufacture, or copyright notice 1989.
300 ## - PHYSICAL DESCRIPTION
Extent 502ص
650 17 - SUBJECT ADDED ENTRY--TOPICAL TERM
Topical term or geographic name as entry element الإقتصاد
650 17 - SUBJECT ADDED ENTRY--TOPICAL TERM
Topical term or geographic name as entry element التخطيط الإقتصادي
942 ## - ADDED ENTRY ELEMENTS (KOHA)
Source of classification or shelving scheme Dewey Decimal Classification
Koha item type Books
Holdings
حالة السحب حالة الفقدان مصدر التصنيف حالة التلف غير قابل للإعارة المكتبة الرئيسية المكتبة الحالية موقع الرف تاريخ التزويد الرقم المتسلسل Total Checkouts رقم الإستدعاء تاريخ آخر ظهور تاريخ الفاتورة نوع المادة (كوها) الباركود
    Dewey Decimal Classification Unchecked   مكتبة أم قصير والمقابلين العامة مكتبة أم قصير والمقابلين العامة الإعارة 12/07/2004 1474   338.9/أبع 28/07/2025 12/07/2004 Books  
    Dewey Decimal Classification Unchecked   مكتبة الأميرة ايمان العامة مكتبة الأميرة ايمان العامة الإعارة 12/07/2004 603   338.9/أبع 28/07/2025 12/07/2004 Books  
    Dewey Decimal Classification Unchecked   مكتبة الاميرة بديعة مكتبة الاميرة بديعة الإعارة 12/07/2004 1356   338.9/أبع 28/07/2025 12/07/2004 Books  
    Dewey Decimal Classification     مكتبة الاميرة بديعة مكتبة الاميرة بديعة الإعارة 28/07/2025 656907   338.9/أبع 28/07/2025 28/07/2025 Books 656907
    Dewey Decimal Classification     مكتبة الجويدة مكتبة الجويدة الإعارة 28/07/2025 656909   338.9/أبع 28/07/2025 28/07/2025 Books 656909
    Dewey Decimal Classification Unchecked   مكتبة النصر العامة مكتبة النصر العامة الإعارة 12/07/2004 3897   338.9/أبع 28/07/2025 12/07/2004 Books  
    Dewey Decimal Classification     مكتبة حمزة العامة مكتبة حمزة العامة الإعارة 28/07/2025 656913   338.9/أبع 28/07/2025 28/07/2025 Books 656913
    Dewey Decimal Classification Unchecked   مكتبة وادي السير العامة مكتبة وادي السير العامة الإعارة 12/07/2004 1162   338.9/أبع 28/07/2025 12/07/2004 Books  
    Dewey Decimal Classification     مكتبة وادي السير العامة مكتبة وادي السير العامة الإعارة 28/07/2025 656922   338.9/أبع 28/07/2025 28/07/2025 Books 656922
Implemented & Customized by: BBB with SCIT (Smart Chains for Information Technology)

Powered by Koha